Las escuelas radiofónicas de Sutatenza-Colombia (Record no. 176964)

MARC details
000 -LEADER
campo de control de longitud fija 01043nam a22002535i 4500
001 - NÚMERO DE CONTROL
campo de control 176964
003 - IDENTIFICADOR DE NÚMERO DE CONTROL
campo de control ES-MaACL
005 - FECHA Y HORA DE LA ÚLTIMA TRANSACCIÓN
campo de control 20250828061715.0
008 - DATOS DE LONGITUD FIJA--INFORMACIÓN GENERAL
campo de control de longitud fija 110222s1961 sz a |||| | spa d
080 ## - NÚMERO DE LA CLASIFICACIÓN DECIMAL UNIVERSAL
Número de la Clasificación Decimal Universal 316.343.2:63-051(861)
080 ## - NÚMERO DE LA CLASIFICACIÓN DECIMAL UNIVERSAL
Número de la Clasificación Decimal Universal 338.1(861)
100 1# - ENTRADA PRINCIPAL--NOMBRE DE PERSONA
Nombre de persona Torres Restrepo, Camilo.
9 (RLIN) 111007
245 14 - MENCIÓN DEL TÍTULO
Título Las escuelas radiofónicas de Sutatenza-Colombia
Resto del título : evaluación sociológica de los resultados /
Mención de responsabilidad, etc. por Camilo Torres Restrepo y Berta Corredor Rodríguez.
260 ## - PUBLICACIÓN, DISTRIBUCIÓN, ETC.
Lugar de publicación, distribución, etc. Friburgo :
Nombre del editor, distribuidor, etc. Oficina Internacional de Investigaciones Sociales de Feres,
Fecha de publicación, distribución, etc. 1961.
300 ## - DESCRIPCIÓN FÍSICA
Extensión 75 p. :
Otras características físicas il. ;
Dimensiones 22 cm.
490 1# - MENCIÓN DE SERIE
Mención de serie Estudios sociológicos latino-americanos ;
Designación de volumen o secuencia 5
650 #7 - PUNTO DE ACCESO ADICIONAL DE MATERIA--TÉRMINO DE MATERIA
Término de materia o nombre geográfico como elemento de entrada Educación rural-
Subdivisión geográfica Colombia
Fuente del encabezamiento o término
9 (RLIN) 172483
651 #4 - PUNTO DE ACCESO ADICIONAL DE MATERIA--NOMBRE GEOGRÁFICO
Nombre geográfico Colombia-
Subdivisión general Situación social.
9 (RLIN) 145305
700 1# - ENTRADA AGREGADA--NOMBRE PERSONAL
Nombre de persona Corredor, Berta.
9 (RLIN) 40771
710 2# - ENTRADA AGREGADA--NOMBRE DE ENTIDAD CORPORATIVA
Nombre de entidad corporativa o nombre de jurisdicción como elemento de entrada Oficina Internacional de Investigaciones Sociales.
9 (RLIN) 172476
830 1# - PUNTO DE ACCESO ADICIONAL DE SERIE-TÍTULO UNIFORME
Título uniforme Estudios sociológicos latino-americanos ;
Designación de volumen o secuencia 5
9 (RLIN) 190305
852 ## - LOCALIZACIÓN
Ubicación ES-MaACL
Número de control de estantería E-14387
Encuadernación Olim P-972-bis
Holdings
Estatus retirado Estado de pérdida Estado de daño No para préstamo Biblioteca de origen Biblioteca actual Ubicación en estantería Fecha de adquisición Fuente de adquisición Total de préstamos Signatura topográfica completa Código de barras Visto por última vez Precio de reemplazo Tipo de ítem Koha
        Biblioteca del Ateneo de Madrid Biblioteca del Ateneo de Madrid Depósito 2 22/02/2011     E-14387 1185865 23/02/2023 23/02/2023 Libro impreso